000 00797nam a2200289Ia 4500
008 160319s9999 xx 000 0 und d
020 _a0-439549809
050 _a551.6
050 _bB496h 2003
100 _aBerger, Melvin.
245 _aHurricanes have eyes but can't see :
245 _band other amazing facts about wild weather /
245 _cby Melvin and Gilda Berger.
260 _aNew York :
260 _bScholastic,
260 _c2003
300 _a48 pages :
300 _bcolor illustrations ;
300 _c26 cm.
440 _aSpeedy facts; Scholastic Reference.
650 _aHurricanes --
650 _aStorms --
650 _aTornadoes --
650 _xJuvenile literature.
650 _xJuvenile literature.
650 _xJuvenile literature.
999 _c292004
_d292004